Datum a čas kvízu
31
Celkem bodů
Celkový počet nahraných bodů na tomto kvízu bez doplňovacích otázek.
11.
Pořadí na kvízu
Konečné umístění týmu na tomto kvízu.
Zaznamenané odpovědi
| # | Otázka | Odpověď | Body | Výsledky |
|---|---|---|---|---|
| 1. | Předseda Senátu Miloš Vystrčil... | Běloruska | 1 | |
| 2. | Který český ministr absolvoval... | Marek Výborný | 0 | |
| 3. | Na Velký pátek se to v O<sub>2... | Judas Priest | 1 | |
| 4. | V pondělí oznámila síň Heritag... | D) rám dveří, na němž se Rose zachránila | 1 | |
| 5. | Kteří dva olympijští vítězové... | Pavel Patera, David Moravec | 1 | |
| 6. | Věříme, že ovládáte velkou pal... | Řecko | 0 | |
| 7. | Kalaallit Nunaat, tak zní v mí... | Dánsko | 1 | |
| 8. | Vyberte zemi, jejíž zkratka ná... | C | 1 | |
| 9. | Řeka Dunaj díky své délce prot... | 1D 2B 3A 4C | 0 | |
| 10. | Na snímku z letiště můžete spa... | Dublin | 1 |